00841nam a2200205 a 450000100060000000300080000600500170001400800410003102000150007203500190008704000350010604100080014108200240014911000610017324501820023424601320041626000460054830000190059465000220061347100BD-RjUL20211209054247.0160807s1949 pk ||||| |||| 00| 0 eng d c:PRS. 2.20 a(BD-RjUL)47219 aBD-RjULbengcBD-RjULdBD-RjUL aeng a331.09549bPAI 19491 aPakistan.bMinistry of Law and Labour. (Labour Division)10aFirst meeting of the Standing Labour Committee, held at dacca on the 5th & 6th November 1949 :bSummary of proceedings /cPakistan. Ministry of Law and Labour. (Labour Division) aSummary of proceedings of the First meeting of the Standing Labour Committee:b(Held at dacca on the 5th and 6th November 1949) aKarachi :bManager of Publications,c1949 a81 p. ;c24 cm aLabour zPakistan